Khảo sát một số đặc điểm môi trường và sự phát triển của tôm sú (Penaeus monodon) trong môi trường nuôi có nồng độ muối thấp

Na minha lista:
Detalhes bibliográficos
Autor principal: Nguyễn, Văn Vượng
Formato: Livro
Idioma:Undetermined
Publicado em: Cần Thơ Trường Đại học Cần Thơ 2003
Assuntos:
Tags: Adicionar Tag
Sem tags, seja o primeiro a adicionar uma tag!
Thư viện lưu trữ: Trung tâm Học liệu Trường Đại học Cần Thơ
LEADER 00785nam a2200193Ia 4500
001 CTU_83320
008 210402s9999 xx 000 0 und d
082 |a 639.58 
082 |b V561 
088 |a 606270 
100 |a Nguyễn, Văn Vượng 
245 0 |a Khảo sát một số đặc điểm môi trường và sự phát triển của tôm sú (Penaeus monodon) trong môi trường nuôi có nồng độ muối thấp 
245 0 |c Nguyễn Văn Vượng ; Trương Quốc Phú (hướng dẫn khoa học) 
260 |a Cần Thơ 
260 |b Trường Đại học Cần Thơ 
260 |c 2003 
650 |a Shrimps 
904 |i Tuyến, QHieu 
980 |a Trung tâm Học liệu Trường Đại học Cần Thơ